Statistiques concernant Jeu du plus peuplé département frontalier - avec carte vierge

Cliquez ici pour prendre le quiz!

Statistiques générales

  • Ce quiz a été pris 77 fois
  • Le résultat moyen est 59 sur 94

Réponses sur la Carte

Les réponses sont colorées sur une échelle allant du rouge au vert en fonction du pourcentage des utilisateurs qui les ont devinées à leur premier essai. Vous pouvez retrouver ces pourcentages ci-dessous.
 

Statistiques - réponses

Département% Correct
Nord
100%
Pas-de-Calais
97%
Somme
93%
Oise
89%
Seine-Maritime
89%
Paris
79%
Seine-et-Marne
79%
Seine-Saint-Denis
77%
Yvelines
75%
Essonne
74%
Hauts-de-Seine
74%
Val-de-Marne
74%
Eure-et-Loir
70%
Loiret
70%
Eure
69%
Calvados
67%
Ille-et-Vilaine
67%
Loire-Atlantique
67%
Maine-et-Loire
67%
Manche
67%
Val-d'Oise
67%
Charente-Maritime
62%
Gironde
62%
Hautes-Pyrénées
62%
Landes
62%
Pyrénées-Atlantiques
62%
Vendée
62%
Ain
61%
Aisne
61%
Alpes-de-Haute-Provence
61%
Alpes-Maritimes
61%
Ardennes
61%
Aube
61%
Bas-Rhin
61%
Bouches-du-Rhône
61%
Cher
61%
Côte-d'Or
61%
Doubs
61%
Drôme
61%
Gard
61%
Haute-Garonne
61%
Haute-Marne
61%
Hautes-Alpes
61%
Haute-Saône
61%
Haute-Savoie
61%
Haut-Rhin
61%
Hérault
61%
Isère
61%
Jura
61%
Loire
61%
Marne
61%
Meurthe-et-Moselle
61%
Meuse
61%
Moselle
61%
Nièvre
61%
Rhône
61%
Saône-et-Loire
61%
Savoie
61%
Tarn
61%
Territoire de Belfort
61%
Var
61%
Vaucluse
61%
Vosges
61%
Yonne
61%
Allier
59%
Indre-et-Loire
59%
Loir-et-Cher
59%
Puy-de-Dôme
59%
Charente
57%
Corrèze
57%
Deux-Sèvres
57%
Dordogne
57%
Haute-Vienne
57%
Lot
57%
Lozère
57%
Mayenne
57%
Orne
57%
Sarthe
57%
Vienne
57%
Ardèche
56%
Aveyron
56%
Cantal
56%
Haute-Loire
56%
Lot-et-Garonne
56%
Tarn-et-Garonne
56%
Creuse
54%
Gers
54%
Ariège
52%
Aude
52%
Pyrénées-Orientales
52%
Côtes-d'Armor
51%
Finistère
51%
Indre
51%
Morbihan
51%

Distribution des résultats

Percentile par nombre de réponses

% des personnes avec chaque résultat

Votre développement - résultats

Vous n’avez pas pris ce quiz